00233nam a22000977a 4500008004100000020002200041100001300063245003200076250001800108300000900126140219t xxu||||| |||| 00| 0 eng d a978-0-632-05459-6 aJ.D. Lee aConcise inorganic chemistry afifth edition a1032